Private Jet by ICAO code - Statistics

General Stats
  • This quiz has been taken 137 times
  • The average score is 9 of 15
Answer Stats
Question Answer % Correct
Pilatus PC-12 PC12
100%
Cessna Citation Excel C56X
78%
Dassault Falcon 50 FA50
78%
Dassault Falcon 7X FA7X
78%
Cessna Citation CJ2 C25A
67%
Cessna Citation Sovereign C680
67%
Piaggio P.180 Avanti P180
67%
Cessna Citation CJ4 C25C
56%
Bombardier Challenger 605 CL60
56%
Learjet 60 LJ60
56%
Gulfstream G650 GLF6
44%
Cessna Citation X C750
33%
Embraer Phenom 300 E55P
33%
Dassault Falcon 2000 F2TH
33%
Embraer Lineage 1000 E190
22%
No matching quizzes found
Score Distribution
Percent of People with Each Score
Percentile by Number Answered
Your Score History
You have not taken this quiz